<?xml version="1.0" encoding="UTF-8"?><?xml-stylesheet type="text/xsl" href="static/style.xsl"?><OAI-PMH xmlns="http://www.openarchives.org/OAI/2.0/" xmlns:xsi="http://www.w3.org/2001/XMLSchema-instance" xsi:schemaLocation="http://www.openarchives.org/OAI/2.0/ http://www.openarchives.org/OAI/2.0/OAI-PMH.xsd"><responseDate>2026-04-28T23:32:31Z</responseDate><request verb="GetRecord" identifier="oai:uvadoc.uva.es:10324/5690" metadataPrefix="marc">https://uvadoc.uva.es/oai/request</request><GetRecord><record><header><identifier>oai:uvadoc.uva.es:10324/5690</identifier><datestamp>2021-06-29T10:01:31Z</datestamp><setSpec>com_10324_38</setSpec><setSpec>col_10324_852</setSpec></header><metadata><record xmlns="http://www.loc.gov/MARC21/slim" xmlns:doc="http://www.lyncode.com/xoai" xmlns:xsi="http://www.w3.org/2001/XMLSchema-instance" xmlns:dcterms="http://purl.org/dc/terms/" xsi:schemaLocation="http://www.loc.gov/MARC21/slim http://www.loc.gov/standards/marcxml/schema/MARC21slim.xsd">
<leader>00925njm 22002777a 4500</leader>
<datafield tag="042" ind1=" " ind2=" ">
<subfield code="a">dc</subfield>
</datafield>
<datafield tag="720" ind1=" " ind2=" ">
<subfield code="a">Ayuso Lanchares, Alba</subfield>
<subfield code="e">author</subfield>
</datafield>
<datafield tag="260" ind1=" " ind2=" ">
<subfield code="c">2014</subfield>
</datafield>
<datafield tag="520" ind1=" " ind2=" ">
<subfield code="a">Muchos estudios valoran los resultados obtenidos en pacientes prelocutivos&#xd;
con implante coclear (IC) en los primeros años de vida de éstos; sin embargo,&#xd;
pocos estudios valoran los resultados obtenidos dieciséis años y medio&#xd;
después.&#xd;
OBJETIVOS:&#xd;
Este trabajo valora la evolución de un paciente de dieciocho años después de&#xd;
casi diecisiete años con un IC, resaltando las repercusiones obtenidas en todos&#xd;
los niveles, especialmente en el logopédico; contempla las situaciones vividas,&#xd;
los beneficios y dificultades obtenidas</subfield>
</datafield>
<datafield tag="024" ind2=" " ind1="8">
<subfield code="a">http://uvadoc.uva.es/handle/10324/5690</subfield>
</datafield>
<datafield ind1=" " ind2=" " tag="653">
<subfield code="a">Ortofonía</subfield>
</datafield>
<datafield ind1=" " ind2=" " tag="653">
<subfield code="a">Mudez</subfield>
</datafield>
<datafield tag="245" ind1="0" ind2="0">
<subfield code="a">Intervención logopédica en pacientes con implante coclear</subfield>
</datafield>
</record></metadata></record></GetRecord></OAI-PMH>